Russia: Imperial, Soviet, Zemstvo Issues & Poland (Record no. 3032)

000 -LEADER
fixed length control field 00315nam a22000977a 4500
008 - FIXED-LENGTH DATA ELEMENTS--GENERAL INFORMATION
fixed length control field 200120b ||||| |||| 00| 0 eng d
100 ## - MAIN ENTRY--AUTHOR'S NAME
Author's Name David Feldman Galleries
245 ## - TITLE STATEMENT
Title Russia: Imperial, Soviet, Zemstvo Issues & Poland
260 ## - PUBLICATION, DISTRIBUTION, ETC. (IMPRINT)
Name of publisher, distributor, etc. David Feldman Galleries
Date of publication, distribution, etc. 2013
650 ## - TOPICAL TERM (Tag)
Topical term or geographic name Imperial Russia; Soviet; Zemstvo; Poland
Holdings
Withdrawn status Lost status Source of classification or shelving scheme Damaged status Koha normalized classification for sorting Not for loan Permanent Location Current Location Shelving location Date acquired Total Checkouts Full call number Barcode Date last seen Copy number Price effective from Koha item type Public note
        G7001 C698 F3123   Northern Philatelic Library Northern Philatelic Library General Stacks 01/20/2020   G7001 C698 F3123 1005444 01/20/2020 1 01/20/2020 Auction Catalogs Auction Oct 2, 2013

Powered by Koha